La restauration de l'empire allemand (Record no. 136636)

MARC details
000 -LEADER
campo de control de longitud fija 00997nam a2200241 4500
001 - NÚMERO DE CONTROL
campo de control 136636
003 - IDENTIFICADOR DE NÚMERO DE CONTROL
campo de control ES-MaACL
005 - FECHA Y HORA DE LA ÚLTIMA TRANSACCIÓN
campo de control 20230906195204.0
007 - CAMPO FIJO DE DESCRIPCIÓN FÍSICA--INFORMACIÓN GENERAL
campo de control de longitud fija t|
008 - DATOS DE LONGITUD FIJA--INFORMACIÓN GENERAL
campo de control de longitud fija 070214s1911 fr r ||||1| fre d
100 1# - ENTRADA PRINCIPAL--NOMBRE DE PERSONA
Nombre de persona Ruville, A. de.
9 (RLIN) 101081
245 13 - MENCIÓN DEL TÍTULO
Título La restauration de l'empire allemand
Resto del título : le rôle de la Bavière /
Mención de responsabilidad, etc. par A. de Ruville ; traduit de l'allemand par M. Pierre Albin ; avec une introduction sur Les papiers de Cerçay et les secrets des correspondances diplomatiques par M. Joseph Reinach.
260 ## - PUBLICACIÓN, DISTRIBUCIÓN, ETC.
Lugar de publicación, distribución, etc. Paris :
Nombre del editor, distribuidor, etc. F. Alcan,
Fecha de publicación, distribución, etc. 1911.
300 ## - DESCRIPCIÓN FÍSICA
Extensión XXXII, 327 p. ;
Dimensiones 23 x 14 cm.
490 1# - MENCIÓN DE SERIE
Mención de serie Bibliotheque de histoire contemporaine
651 #4 - PUNTO DE ACCESO ADICIONAL DE MATERIA--NOMBRE GEOGRÁFICO
Nombre geográfico Alemania-
Subdivisión general Historia-
Subdivisión cronológica 1848-1870.
9 (RLIN) 153061
700 1# - ENTRADA AGREGADA--NOMBRE PERSONAL
Nombre de persona Albin, Pierre.
9 (RLIN) 19381
700 1# - ENTRADA AGREGADA--NOMBRE PERSONAL
Nombre de persona Reinach, Joseph.
9 (RLIN) 96038
740 42 - ENTRADA AGREGADA--TÍTULO RELACIONADO/ANALÍTICO NO CONTROLADO
Título relacionado o analítico no controlado Les papiers de Cerçay et les secrets des correspondances diplomatiques.
830 1# - PUNTO DE ACCESO ADICIONAL DE SERIE-TÍTULO UNIFORME
Título uniforme Bibliotheque de histoire contemporaine
9 (RLIN) 187163
852 ## - LOCALIZACIÓN
Ubicación ES-MaACL
Número de control de estantería G-7203
Holdings
Estatus retirado Estado de pérdida Estado de daño No para préstamo Biblioteca de origen Biblioteca actual Ubicación en estantería Fecha de adquisición Fuente de adquisición Total de préstamos Signatura topográfica completa Código de barras Visto por última vez Precio de reemplazo Tipo de ítem Koha
        Biblioteca del Ateneo de Madrid Biblioteca del Ateneo de Madrid Depósito 2 17/01/2008     G-7203 1142199 23/02/2023 23/02/2023 Libro impreso